000 00585nam a22001817a 4500
005 20231214102340.0
008 231214b |||||||| |||| 00| 0 eng d
020 _a9781485126591
041 _aEnglish
082 _a346.7 MAR
100 _aBertelsmann, E et al.
_lEnglish
245 _aMARS : The Law of Insolvency in South Africa /
_cE Bertelsmann et al.
250 _aTenth Edition
260 _aCape Town :
_bJuta and Company (Pty) Ltd,
_c2019
300 _blxxx, 954 pages ;
_c26 cm.
650 _aLegal practice
_bLaw
942 _cBK
_6ALISON_BN_VRIES
999 _c1206
_d1206